[Event "HUN-chT2 Asztalos 2324"]
[Site "Hungary"]
[Date "2023.10.08"]
[Round "1.7"]
[White "Pinter, Szabolcs Peter"]
[Black "Bartuszek, Andras"]
[Result "1/2-1/2"]
[WhiteElo "1608"]
[BlackElo "1782"]
[PlyCount "109"]
[EventDate "2023.10.08"]
[EventType "team-tourn"]
[EventRounds "9"]
[EventCountry "HUN"]
[SourceTitle "EXT 2025"]
[Source "ChessBase"]
[SourceDate "2024.10.14"]
[SourceVersion "1"]
[SourceVersionDate "2024.10.14"]
[SourceQuality "1"]
[WhiteTeam "Karmin"]
[BlackTeam "Kalocsai"]
[WhiteTeamCountry "HUN"]
[BlackTeamCountry "HUN"]

1. c4 Nf6 2. Nc3 d5 3. e3 e6 4. Nf3 c6 5. b3 Be7 6. Be2 dxc4 7. bxc4 Na6 8. 0-0 0-0 9. Rb1 Qc7 10. d4 b6 11. Qc2 Bb7 12. Ne4 c5 13. Nxf6+ Bxf6 14. Bb2 Nb4 15. Qb3 Be4 16. dxc5 bxc5 17. Bxf6 gxf6 18. Rb2 Rab8 19. Qc3 e5 20. a3 Nc6 21. Rxb8 Rxb8 22. Bd3 Bg6 23. Qc2 Rd8 24. Bxg6 fxg6 25. Rd1 e4 26. Rxd8+ Qxd8 27. Nd2 f5 28. h3 Ne5 29. Qa4 Qe7 30. Qb5 Kf7 31. Nb3 Nd3 32. Qc6 g5 33. Qh6 Kg8 34. Qc6 f4 35. Nd2 fxe3 36. fxe3 Qf7 37. Nxe4 Qxc4 38. Qe8+ Kg7 39. Qe7+ Qf7 40. Qxg5+ Qg6 41. Qxg6+ Kxg6 42. Kf1 Kf5 43. Nd6+ Ke5 44. Nb5 a6 45. Nc3 h5 46. g4 hxg4 47. hxg4 Nb2 48. Ke2 Nc4 49. a4 Nd6 50. Kd3 c4+ 51. Ke2 Nf7 52. Na2 a5 53. Nc3 Ng5 54. Kf2 Ne6 55. Ke2 1/2-1/2